[Event "GRE-chT 46th"]
[Site "Rio Achaia"]
[Date "2018.07.14"]
[Round "6.16"]
[White "Kollias, Dimitrios"]
[Black "Tzachristas, Georgios"]
[Result "1-0"]
[WhiteElo "1460"]
[BlackElo "1191"]
[PlyCount "117"]
[EventDate "2018.07.10"]
[EventType "team"]
[EventRounds "7"]
[EventCountry "GRE"]
[SourceTitle "CBM 185 Extra"]
[Source "ChessBase"]
[SourceDate "2018.07.29"]
[SourceVersion "1"]
[SourceVersionDate "2018.07.29"]
[SourceQuality "1"]
[WhiteTeam "Patras Shipping Company"]
[BlackTeam "Ioannites Skakiston"]
[WhiteTeamCountry "GRE"]
[BlackTeamCountry "GRE"]

1. e4 d5 2. exd5 Nf6 3. d4 Bg4 4. f3 Bf5 5. c4 e6 6. g4 Bg6 7. Nc3 exd5 8. g5 Nfd7 9. Nxd5 Nc6 10. Qe2+ Be7 11. Nxe7 Nxe7 12. h4 Bh5 13. Nh3 0-0 14. Kf2 Ng6 15. Nf4 Re8 16. Qd3 Nxf4 17. Bxf4 c6 18. Qc3 Qe7 19. Bd3 Nb6 20. b3 Rad8 21. Rad1 Qd7 22. Be4 Rxe4 23. fxe4 Bxd1 24. Rxd1 Qg4 25. Qf3 Qxh4+ 26. Ke3 h5 27. Rh1 Qg4 28. Qxg4 hxg4 29. Rh4 Nd7 30. Rxg4 g6 31. Bd6 Kg7 32. Rh4 Rc8 33. e5 c5 34. dxc5 Nxc5 35. Be7 Nd7 36. Kd4 Rc6 37. Bf6+ Nxf6 38. exf6+ Kg8 39. Kd5 Ra6 40. a4 Rb6 41. Rh3 Re6 42. a5 Ra6 43. b4 b6 44. Ra3 bxa5 45. Rxa5 Rb6 46. b5 Rb7 47. Kc6 Rb8 48. Rxa7 Rc8+ 49. Rc7 Re8 50. b6 Re6+ 51. Kb5 Re5+ 52. Rc5 Rxc5+ 53. Kxc5 Kh8 54. b7 Kh7 55. Kc6 Kg8 56. b8Q+ Kh7 57. Qc7 Kg8 58. Qe7 Kh8 59. Qf8+ 1-0

[Event "GRE-ch U14"]
[Site "Rio Achaia"]
[Date "2018.07.04"]
[Round "3"]
[White "Kollias, Dimitrios"]
[Black "Gavriil, Odysseas Panagiotis"]
[Result "1/2-1/2"]
[WhiteElo "1460"]
[BlackElo "1910"]
[PlyCount "87"]
[EventDate "2018.07.03"]
[EventType "swiss"]
[EventRounds "9"]
[EventCountry "GRE"]
[SourceTitle "EXT 2019"]
[Source "ChessBase"]
[SourceDate "2018.10.10"]
[SourceVersion "1"]
[SourceVersionDate "2018.10.10"]
[SourceQuality "1"]

1. e4 c5 2. c3 d6 3. d4 Nf6 4. Bd3 g6 5. Nf3 Bg7 6. 0-0 0-0 7. Be3 b6 8. Qe2 Bb7 9. Nbd2 Nc6 10. Rab1 e5 11. d5 Ne7 12. b4 cxb4 13. cxb4 Ne8 14. Ne1 f5 15. f3 f4 16. Bf2 g5 17. Nc2 h5 18. a4 Ng6 19. a5 bxa5 20. bxa5 Bc8 21. a6 g4 22. Nb4 Qg5 23. Be1 Nh4 24. Nc6 Bh6 25. Rb2 Kh8 26. Bxh4 Qxh4 27. Rc1 Rg8 28. Qe1 Qf6 29. Nxa7 Bxa6 30. Bxa6 Rxa7 31. Bc8 Ra3 32. Be6 Rf8 33. Nc4 Ra7 34. Rb6 gxf3 35. gxf3 Ra2 36. Kh1 Qe7 37. Rcb1 Ra7 38. Qb4 Qh4 39. Nxd6 Qf2 40. Nf7+ Raxf7 41. Bxf7 Qxf3+ 42. Kg1 Qe3+ 43. Kh1 Qf3+ 44. Kg1 1/2-1/2

[Event "GRE-chT U16 9th"]
[Site "Thessaloniki"]
[Date "2016.12.18"]
[Round "6.3"]
[White "Venetidis, Georgios"]
[Black "Kollias, Dimitrios"]
[Result "1/2-1/2"]
[WhiteElo "1311"]
[BlackElo "1346"]
[PlyCount "62"]
[EventDate "2016.12.15"]
[EventType "team-swiss"]
[EventRounds "6"]
[EventCountry "GRE"]
[SourceTitle "CBM 176 Extra"]
[Source "ChessBase"]
[SourceDate "2017.03.02"]
[SourceVersion "1"]
[SourceVersionDate "2017.03.02"]
[SourceQuality "1"]
[WhiteTeam "Neapolis Sykeon"]
[BlackTeam "Patron"]
[WhiteTeamCountry "GRE"]
[BlackTeamCountry "GRE"]

1. d4 Nf6 2. Bg5 d5 3. Nf3 h6 4. Bh4 c6 5. e3 Nbd7 6. c4 e6 7. Nc3 Be7 8. Bd3 dxc4 9. Bxc4 Nb6 10. Bd3 0-0 11. 0-0 Nfd7 12. Bg3 c5 13. Nb5 cxd4 14. Bc7 Qe8 15. Nd6 Bxd6 16. Bxd6 dxe3 17. fxe3 Nd5 18. e4 Ne3 19. Qe2 Nxf1 20. Rxf1 e5 21. Bb5 a6 22. Bxd7 Bxd7 23. Qf2 Qe6 24. Bxf8 Rxf8 25. a3 Bc6 26. Nd2 Qg6 27. Qe3 Re8 28. Kh1 Kh8 29. Kg1 Kg8 30. Kh1 Kh8 31. Kg1 Kg8 1/2-1/2

[Event "GRE-chT 44th"]
[Site "Achaia"]
[Date "2016.07.07"]
[Round "4.12"]
[White "Leftheriotis, Alexandros"]
[Black "Kollias, Dimitrios"]
[Result "1-0"]
[WhiteElo "1611"]
[BlackElo "1357"]
[PlyCount "69"]
[EventDate "2016.07.05"]
[EventType "team-swiss"]
[EventRounds "7"]
[EventCountry "GRE"]
[SourceTitle "CBM 173 Extra"]
[Source "ChessBase"]
[SourceDate "2016.08.29"]
[SourceVersion "1"]
[SourceVersionDate "2016.08.29"]
[SourceQuality "1"]
[WhiteTeam "Corfu SPZ"]
[BlackTeam "Patras Sailing"]
[WhiteTeamCountry "GRE"]
[BlackTeamCountry "GRE"]

1. e4 c6 2. d4 d5 3. f3 Nf6 4. Nc3 e6 5. Bg5 h6 6. Bh4 Be7 7. e5 Nfd7 8. Bxe7 Qxe7 9. f4 a6 10. Qg4 g6 11. Nf3 c5 12. dxc5 Qxc5 13. 0-0-0 Nc6 14. Bd3 Ne7 15. h4 h5 16. Qg5 b5 17. Kb1 Bb7 18. g4 0-0-0 19. gxh5 Rxh5 20. Qg4 Nf5 21. Bxf5 exf5 22. Qg3 Nf8 23. Nd4 Qe7 24. Rde1 Ne6 25. Nce2 Nc5 26. Qa3 Rd7 27. Ng3 Rh7 28. Ngxf5 gxf5 29. Nxf5 Qd8 30. Qxc5+ Kb8 31. e6 fxe6 32. Rxe6 Rc7 33. Qd4 Rc4 34. Qe5+ Rhc7 35. Re8 1-0

[Event "GRE-ch U12"]
[Site "Porto Rio"]
[Date "2016.07.02"]
[Round "7"]
[White "Kollias, Dimitrios"]
[Black "Papagiannis, Asterios"]
[Result "1/2-1/2"]
[WhiteElo "1357"]
[BlackElo "1464"]
[PlyCount "89"]
[EventDate "2016.06.28"]
[EventType "swiss"]
[EventRounds "9"]
[EventCountry "GRE"]
[SourceTitle "CBM 173 Extra"]
[Source "ChessBase"]
[SourceDate "2016.08.29"]
[SourceVersion "1"]
[SourceVersionDate "2016.08.29"]
[SourceQuality "1"]

1. e4 c6 2. d4 d5 3. Nc3 dxe4 4. Nxe4 Bf5 5. Ng3 Bg6 6. h4 h6 7. h5 Bh7 8. Nf3 e6 9. Bd3 Bxd3 10. Qxd3 Nf6 11. Bd2 Be7 12. 0-0-0 0-0 13. Ne2 c5 14. Be3 Nc6 15. dxc5 Qa5 16. Qc4 Nd5 17. Bd4 Nxd4 18. Nexd4 Rfc8 19. a3 Bxc5 20. Qd3 Be7 21. Rhe1 Bf6 22. Nd2 Qc7 23. N2f3 a6 24. g3 Qd6 25. Re2 b5 26. Nd2 Nb6 27. Ne4 Qe7 28. Nxf6+ Qxf6 29. Red2 Nc4 30. Re2 e5 31. Nb3 Rd8 32. Qc3 Qg5+ 33. Nd2 Qxh5 34. Rde1 Nxd2 35. Rxd2 Rxd2 36. Qxd2 Re8 37. Qd7 Re6 38. a4 Qg5+ 39. Kb1 bxa4 40. Qxa4 Qf5 41. Re2 Qf6 42. b3 Qd8 43. Kc1 Qe8 44. Qe4 g6 45. Kb2 1/2-1/2

[Event "GRE-ch U12"]
[Site "Porto Rio"]
[Date "2016.06.28"]
[Round "1"]
[White "Kollias, Dimitrios"]
[Black "Stefanopoulos, Andreas"]
[Result "1-0"]
[WhiteElo "1357"]
[BlackElo "1037"]
[PlyCount "117"]
[EventDate "2016.06.28"]
[EventType "swiss"]
[EventRounds "9"]
[EventCountry "GRE"]
[SourceTitle "CBM 173 Extra"]
[Source "ChessBase"]
[SourceDate "2016.08.29"]
[SourceVersion "1"]
[SourceVersionDate "2016.08.29"]
[SourceQuality "1"]

1. e4 c5 2. c3 d6 3. d4 cxd4 4. cxd4 Nf6 5. Nc3 Nc6 6. Nf3 Bg4 7. Be2 g6 8. 0-0 Bg7 9. Be3 0-0 10. h3 Bxf3 11. Bxf3 Qd7 12. Rc1 Rac8 13. a3 Rfe8 14. Rc2 b6 15. Qd3 e6 16. Kh1 Red8 17. Re1 Na5 18. b4 Nc6 19. Rec1 Ne7 20. Be2 Nc6 21. f3 Nh5 22. Kh2 Nf6 23. Na2 Ne7 24. Qd2 Qb7 25. Rxc8 Rxc8 26. Rxc8+ Qxc8 27. Qc3 Qb8 28. Ba6 d5+ 29. e5 Nd7 30. Kg1 f6 31. f4 fxe5 32. fxe5 Nf5 33. Bf2 Ne7 34. b5 Qd8 35. Nb4 Nb8 36. Bh4 Qd7 37. Bxe7 Nxa6 38. bxa6 Qxe7 39. Qc8+ Kf7 40. Qb7 Kf8 41. Qxe7+ Kxe7 42. Nc6+ Kd7 43. Nxa7 Bh6 44. Nb5 Kc8 45. Kf2 Kb8 46. Kf3 Kc8 47. h4 Bd2 48. g4 h6 49. h5 g5 50. Nd6+ Kb8 51. Nf7 Ka7 52. Nxh6 Kxa6 53. Nf7 Bc3 54. h6 Bxd4 55. h7 Ka5 56. h8Q Ka4 57. Qa8+ Kb5 58. Nd6+ Kc5 59. Qc8# 1-0

[Event "GRE-chT 43rd"]
[Site "Porto Rio"]
[Date "2015.10.09"]
[Round "3.14"]
[White "Kollias, Dimitrios"]
[Black "Klidaras, Anastasios"]
[Result "1-0"]
[WhiteElo "1283"]
[BlackElo "1131"]
[PlyCount "157"]
[EventDate "2015.10.08"]
[EventType "team-swiss"]
[EventRounds "7"]
[EventCountry "GRE"]
[SourceTitle "CBM 168 Extra"]
[Source "ChessBase"]
[SourceDate "2015.10.29"]
[SourceVersion "1"]
[SourceVersionDate "2015.10.29"]
[SourceQuality "1"]
[WhiteTeam "Patron Sailing"]
[BlackTeam "New Filadelfeias"]
[WhiteTeamCountry "GRE"]
[BlackTeamCountry "GRE"]

1. e4 e5 2. Nf3 Nc6 3. d4 exd4 4. Nxd4 Bb4+ 5. c3 Be7 6. Be3 d6 7. Bc4 Nf6 8. Nd2 Bd7 9. 0-0 0-0 10. Re1 Re8 11. Qc2 Ne5 12. Bb3 c5 13. Ne2 Bc6 14. Ng3 Qd7 15. Rad1 Qc7 16. Nc4 Nxc4 17. Bxc4 b5 18. Bd5 Nxd5 19. exd5 Bd7 20. b3 Bh4 21. Bf4 Rxe1+ 22. Rxe1 Re8 23. Rxe8+ Bxe8 24. Nf5 Be7 25. Qe2 Kf8 26. c4 f6 27. Qxe7+ Qxe7 28. Bxd6 Qxd6 29. Nxd6 bxc4 30. bxc4 Bg6 31. g4 Bd3 32. f4 g6 33. Kf2 Ke7 34. Ke3 Bf1 35. Ne4 Bxc4 36. Nxc5 Bxd5 37. a3 Be6 38. Nxe6 Kxe6 39. Kd4 Kd6 40. a4 a6 41. g5 fxg5 42. fxg5 Kc6 43. Ke5 Kc5 44. Kf6 Kb4 45. Kg7 Kxa4 46. Kxh7 Kb4 47. Kxg6 a5 48. Kf7 a4 49. g6 a3 50. g7 a2 51. g8Q a1Q 52. Qf8+ Kc4 53. Qc8+ Kd5 54. Qf5+ Kc4 55. Qe6+ Kc5 56. Qf5+ Kc4 57. Qc8+ Kd5 58. Qf5+ Kc4 59. h4 Qa7+ 60. Kg6 Qg1+ 61. Kh7 Qa7+ 62. Kh6 Qe3+ 63. Qg5 Qe6+ 64. Kh7 Qe4+ 65. Kh8 Qd4+ 66. Kg8 Qd7 67. h5 Qe8+ 68. Kh7 Qf7+ 69. Kh8 Kb4 70. Qg4+ Kc5 71. h6 Kd6 72. Qg7 Qe8+ 73. Kh7 Kc5 74. Qc3+ Kd6 75. Qd4+ Kc7 76. Qc5+ Kb8 77. Qd6+ Kc8 78. Kg7 Qh5 79. Qf8+ 1-0

[Event "GRE-ch U12"]
[Site "Rio Achaia"]
[Date "2015.06.29"]
[Round "5.19"]
[White "Kollias, Dimitrios"]
[Black "Kokkalis, Grigorios"]
[Result "1-0"]
[WhiteElo "1280"]
[BlackElo "1304"]
[PlyCount "45"]
[EventDate "2015.06.26"]
[EventType "swiss"]
[EventRounds "9"]
[EventCountry "GRE"]
[SourceTitle "EXT 2024"]
[Source "ChessBase"]
[SourceDate "2023.10.10"]
[SourceVersion "1"]
[SourceVersionDate "2023.10.10"]
[SourceQuality "1"]

1. e4 c5 2. c3 Nf6 3. e5 Nd5 4. d4 cxd4 5. cxd4 Nc6 6. Nf3 e6 7. Bc4 Nb6 8. Bb3 d5 9. exd6 Bxd6 10. 0-0 0-0 11. Re1 Bd7 12. Bc2 Nd5 13. Nc3 Nf6 14. Bg5 h6 15. Bh4 Nb4 16. Bb1 Bc6 17. Re3 Bxf3 18. Qxf3 Nc6 19. Ne4 Nxd4 20. Nxf6+ Qxf6 21. Qe4 Nf3+ 22. Rxf3 Qxb2 23. Qh7# 1-0

[Event "GRE-ch U12"]
[Site "Rio Achaia"]
[Date "2015.06.27"]
[Round "2.18"]
[White "Kollias, Dimitrios"]
[Black "Stefanopoulos, Andreas"]
[Result "1-0"]
[WhiteElo "1280"]
[BlackElo "1089"]
[PlyCount "132"]
[EventDate "2015.06.26"]
[EventType "swiss"]
[EventRounds "9"]
[EventCountry "GRE"]
[SourceTitle "EXT 2024"]
[Source "ChessBase"]
[SourceDate "2023.10.10"]
[SourceVersion "1"]
[SourceVersionDate "2023.10.10"]
[SourceQuality "1"]

1. e4 c5 2. c3 e6 3. Nf3 a6 4. d4 cxd4 5. cxd4 d5 6. exd5 exd5 7. Nc3 Bb4 8. Bd2 Nf6 9. Qa4+ Nc6 10. Be2 0-0 11. 0-0 Bd7 12. Qc2 Rc8 13. a3 Ba5 14. Qb3 Bxc3 15. Bxc3 Rb8 16. Bd2 b5 17. Bg5 Be6 18. Rac1 Rc8 19. Rfd1 h6 20. Bh4 Re8 21. Bxf6 Qxf6 22. a4 Nxd4 23. Nxd4 Rxc1 24. Rxc1 Qxd4 25. axb5 axb5 26. Qxb5 Rd8 27. Rd1 Qe4 28. Bd3 Qg4 29. Be2 Qf4 30. Bf3 Rb8 31. Qe2 Qf6 32. Rd2 Rc8 33. Rd1 Rb8 34. Rd2 Rc8 35. Qd1 Rb8 36. b3 Ra8 37. Rd4 Rd8 38. h3 g6 39. Bxd5 Bxd5 40. Rxd5 Rxd5 41. Qxd5 Qa1+ 42. Kh2 Qf6 43. Qf3 Qd6+ 44. Qg3 Qb4 45. Qe3 Qd6+ 46. g3 h5 47. h4 Kg7 48. Qc3+ Kg8 49. b4 Qb6 50. Qc5 Qxc5 51. bxc5 Kf8 52. Kg2 Ke7 53. Kf3 Ke6 54. Ke4 Kd7 55. Kd5 f6 56. f3 g5 57. f4 gxf4 58. gxf4 f5 59. Ke5 Kc6 60. Kxf5 Kxc5 61. Kg6 Kd6 62. f5 Ke7 63. Kg7 Ke8 64. f6 Kd7 65. f7 Ke6 66. f8Q Kd5 1-0